[Event "GER-ch43 Juniors email"]
[Site "GER email"]
[Date "2011.02.14"]
[Round "?"]
[White "Auburger, Kirstin"]
[Black "Karunaharamoorthy, Achudhan"]
[Result "1/2-1/2"]
[WhiteElo "2189"]
[BlackElo "1640"]
[PlyCount "95"]
[EventDate "2011.02.21"]
[EventType "tourn (corr)"]
[EventRounds "9"]
[EventCountry "GER"]
[SourceTitle "Corr 2015"]
[Source "ChessBase"]
[SourceDate "2015.07.17"]
[SourceVersion "1"]
[SourceVersionDate "2015.07.17"]
[SourceQuality "1"]

1. c4 e5 2. g3 Nf6 3. Bg2 d5 4. cxd5 Nxd5 5. Nc3 Nb6 6. Nf3 Nc6 7. 0-0 Be7 8. a3 0-0 9. b4 Be6 10. d3 a5 11. b5 Nd4 12. Nd2 c6 13. bxc6 Nxc6 14. Rb1 a4 15. Nf3 Bb3 16. Rxb3 axb3 17. Qxb3 Ra6 18. h4 Nd7 19. Nd5 Nc5 20. Qa2 Bd6 21. Qb2 Qa5 22. Ne3 Qc7 23. Nd5 Qb8 24. Nb4 Nxb4 25. axb4 Ne6 26. Ng5 Nxg5 27. hxg5 b5 28. Be3 Rc8 29. Qb3 Qc7 30. Rc1 Qd7 31. Rxc8+ Qxc8 32. Qd5 Qb8 33. Bc5 Bxc5 34. Qxc5 g6 35. Bd5 Kg7 36. d4 exd4 37. Qxd4+ Kg8 38. e4 Qd6 39. Kg2 Qc7 40. Qe3 Ra4 41. Qd4 Qe7 42. Qb6 Rxb4 43. Qc6 Rb2 44. Qa8+ Kg7 45. Qa1 Qe5 46. Qa7 Qxg5 47. Qxf7+ Kh6 48. Qf8+ 1/2-1/2

[Event "GER-ch43 Juniors email"]
[Site "GER email"]
[Date "2011.02.14"]
[Round "?"]
[White "Karunaharamoorthy, Achudhan"]
[Black "Frank, Thomas"]
[Result "1-0"]
[WhiteElo "1640"]
[BlackElo "2003"]
[PlyCount "72"]
[EventDate "2011.02.21"]
[EventType "tourn (corr)"]
[EventRounds "9"]
[EventCountry "GER"]
[SourceTitle "Corr 2015"]
[Source "ChessBase"]
[SourceDate "2015.07.17"]
[SourceVersion "1"]
[SourceVersionDate "2015.07.17"]
[SourceQuality "1"]

1. d4 Nf6 2. c4 e6 3. Nf3 Bb4+ 4. Bd2 Qe7 5. g3 Nc6 6. Nc3 0-0 7. Bg2 Na5 8. c5 Nc6 9. a3 Bxc3 10. Bxc3 Ne4 11. Qd3 Nxc3 12. Qxc3 d5 13. 0-0 f6 14. Rfe1 Qf7 15. b4 a6 16. e4 Rd8 17. e5 f5 18. Ng5 Qe8 19. Nh3 h6 20. a4 Bd7 21. Nf4 g5 22. Ne2 Ne7 23. Qc2 Kg7 24. Ra3 Nc6 25. Qd2 Ne7 26. Rea1 Rdb8 27. Nc1 Qh5 28. Bf1 Rf8 29. b5 Qe8 30. c6 bxc6 31. bxa6 c5 32. dxc5 Bc8 33. Bb5 Qf7 34. Qe2 f4 35. Nb3 h5 36. c6 fxg3 1-0

[Event "GER-ch42 Juniors email"]
[Site "GER email"]
[Date "2010.01.08"]
[Round "?"]
[White "Karunaharamoorthy, Achudhan"]
[Black "Gustain, Marc"]
[Result "1-0"]
[WhiteElo "1640"]
[BlackElo "2064"]
[PlyCount "75"]
[EventDate "2010.01.15"]
[EventType "tourn (corr)"]
[EventRounds "12"]
[EventCountry "GER"]
[SourceTitle "Corr 2015"]
[Source "ChessBase"]
[SourceDate "2015.07.17"]
[SourceVersion "1"]
[SourceVersionDate "2015.07.17"]
[SourceQuality "1"]

1. d4 d5 2. c4 e6 3. Nc3 Nf6 4. Nf3 Be7 5. Bg5 0-0 6. e3 h6 7. Bh4 Ne4 8. Bxe7 Qxe7 9. Rc1 c6 10. Bd3 Nxc3 11. bxc3 Nd7 12. cxd5 cxd5 13. 0-0 e5 14. Be2 e4 15. Nd2 Nf6 16. c4 Be6 17. Qb3 Rac8 18. c5 Rc7 19. a4 Bd7 20. a5 Bc6 21. a6 Rb8 22. axb7 Rcxb7 23. Qa3 Qc7 24. Ra1 Rb2 25. Qc3 Bb5 26. Qxb2 Bxe2 27. Qa2 Bxf1 28. Nxf1 Rb7 29. Ng3 g6 30. Ne2 Qb8 31. h3 Rb2 32. Qa6 Kg7 33. Nc3 Rb3 34. Rc1 h5 35. Qa4 Qb4 36. Qxb4 Rxb4 37. Kf1 g5 38. Ke1 1-0

[Event "GER-ch42 Juniors email"]
[Site "GER email"]
[Date "2010.01.08"]
[Round "?"]
[White "Karunaharamoorthy, Achudhan"]
[Black "Hansch, Stephan"]
[Result "1-0"]
[WhiteElo "1640"]
[BlackElo "2085"]
[PlyCount "55"]
[EventDate "2010.01.15"]
[EventType "tourn (corr)"]
[EventRounds "12"]
[EventCountry "GER"]
[SourceTitle "Corr 2015"]
[Source "ChessBase"]
[SourceDate "2015.07.17"]
[SourceVersion "1"]
[SourceVersionDate "2015.07.17"]
[SourceQuality "1"]

1. d4 Nf6 2. c4 d5 3. cxd5 Nxd5 4. e4 Nf6 5. Nc3 e6 6. Nf3 Be7 7. Bf4 0-0 8. Bc4 a6 9. 0-0 b5 10. Bd3 Bb7 11. Qe2 c5 12. dxc5 Bxc5 13. e5 Qc7 14. Rac1 Bc6 15. Bd2 Ng4 16. Bxh7+ Kxh7 17. Ng5+ Kg8 18. Qxg4 Qxe5 19. Qh5 Qf5 20. Ne2 Nd7 21. Ng3 Qd3 22. Rc3 Nf6 23. Rxd3 Nxh5 24. Nxh5 Rad8 25. Rxd8 Rxd8 26. Bc3 Rd5 27. h4 f6 28. Bxf6 1-0

[Event "Berlin Lichtenberger op 7th"]
[Site "Berlin"]
[Date "2008.08.24"]
[Round "9"]
[White "Karunaharamoorthy, Achudhan"]
[Black "Plicka, Jiri"]
[Result "1-0"]
[WhiteElo "1869"]
[BlackElo "1941"]
[PlyCount "127"]
[EventDate "2008.08.16"]
[EventType "swiss"]
[EventRounds "9"]
[EventCountry "GER"]
[SourceTitle "CBM 126 Extra"]
[Source "ChessBase"]
[SourceDate "2008.11.05"]
[SourceVersion "1"]
[SourceVersionDate "2008.11.05"]
[SourceQuality "1"]

1. d4 d5 2. c4 c6 3. Nc3 Nf6 4. e3 Bf5 5. Nf3 e6 6. a3 Nbd7 7. Be2 Bd6 8. Nh4 Bg6 9. Nxg6 hxg6 10. h3 Qe7 11. Qc2 dxc4 12. Bxc4 Nb6 13. Bd3 Nfd5 14. Ne4 Bc7 15. Nc5 Bd6 16. Be4 g5 17. Bf3 Nf6 18. Nxb7 Kf8 19. Nxd6 Qxd6 20. Bd2 Kg8 21. Bb4 Qd8 22. 0-0-0 Nbd5 23. Bc5 Nd7 24. Kb1 g6 25. e4 N5f6 26. d5 cxd5 27. exd5 Nxc5 28. Qxc5 Nxd5 29. Bxd5 exd5 30. Rxd5 Qf6 31. Rxg5 Kg7 32. Qe5 Rhe8 33. Qxf6+ Kxf6 34. Rc5 Re2 35. Rc2 Rae8 36. Rhc1 a5 37. Rxe2 Rxe2 38. Rc2 Re1+ 39. Ka2 a4 40. b4 axb3+ 41. Kxb3 Rb1+ 42. Kc4 Ra1 43. Kb4 Rg1 44. f3 Rb1+ 45. Ka5 Kg5 46. a4 f5 47. Ka6 Kh4 48. a5 f4 49. Ka7 g5 50. a6 Kg3 51. Ka8 Rb3 52. a7 Rb1 53. Rc5 Kh4 54. Rc8 Kg3 55. Rb8 Ra1 56. Rb2 Re1 57. Kb7 Re7+ 58. Ka6 Re6+ 59. Ka5 Re8 60. Rb8 Re1 61. Kb4 Ra1 62. a8Q Rxa8 63. Rxa8 Kxg2 64. Rg8 1-0

[Event "Berlin Lichtenberger op 7th"]
[Site "Berlin"]
[Date "2008.08.19"]
[Round "4"]
[White "Wolfram, Mike"]
[Black "Karunaharamoorthy, Achudhan"]
[Result "0-1"]
[WhiteElo "1434"]
[BlackElo "1869"]
[PlyCount "46"]
[EventDate "2008.08.16"]
[EventType "swiss"]
[EventRounds "9"]
[EventCountry "GER"]
[SourceTitle "CBM 126 Extra"]
[Source "ChessBase"]
[SourceDate "2008.11.05"]
[SourceVersion "1"]
[SourceVersionDate "2008.11.05"]
[SourceQuality "1"]

1. e4 c5 2. Nf3 d6 3. Bc4 Nc6 4. d4 cxd4 5. Nxd4 Nf6 6. Nc3 Qb6 7. Nf3 e6 8. 0-0 a6 9. h3 Be7 10. Rb1 0-0 11. Be3 Qc7 12. b4 Ne5 13. Nxe5 dxe5 14. Qe2 b5 15. Nxb5 axb5 16. Bd3 Rxa2 17. f4 exf4 18. Bxf4 e5 19. Bg5 Be6 20. Qe3 Bc4 21. Rxf6 Bxd3 22. Qg3 Bxf6 23. Bxf6 Qb6+ 0-1

[Event "Berlin Kreuzberg op 9th"]
[Site "Berlin"]
[Date "2008.07.19"]
[Round "1"]
[White "Kiesekamp, Marcos"]
[Black "Karunaharamoorthy, Achudhan"]
[Result "1-0"]
[WhiteElo "2316"]
[BlackElo "1869"]
[PlyCount "55"]
[EventDate "2008.07.19"]
[EventType "swiss"]
[EventRounds "9"]
[EventCountry "GER"]
[SourceTitle "EXT 2019"]
[Source "ChessBase"]
[SourceDate "2018.10.10"]
[SourceVersion "1"]
[SourceVersionDate "2018.10.10"]
[SourceQuality "1"]

1. Nf3 c5 2. c4 Nf6 3. Nc3 Nc6 4. d4 cxd4 5. Nxd4 d6 6. e4 e6 7. Be2 Be7 8. Be3 a6 9. f4 Bd7 10. 0-0 0-0 11. Qd2 Rc8 12. Rad1 Qc7 13. b3 Rfd8 14. Bf3 e5 15. Nf5 Bxf5 16. exf5 Bf8 17. g4 Nd7 18. Nd5 Qb8 19. g5 Re8 20. f6 exf4 21. fxg7 Bxg7 22. Nxf4 Nde5 23. Bd5 Re7 24. Nh5 Kh8 25. Nxg7 Kxg7 26. g6 Nxg6 27. Bg5 Rce8 28. Bf6+ 1-0

[Event "GER-ch Net qual3 U18"]
[Site "Playchess.com INT"]
[Date "2008.06.08"]
[Round "4"]
[White "Hentze, Markus"]
[Black "Karunaharamoorthy, Achudhan"]
[Result "1-0"]
[WhiteElo "1932"]
[BlackElo "1877"]
[PlyCount "71"]
[EventDate "2008.06.08"]
[EventType "swiss (blitz)"]
[EventRounds "7"]
[EventCountry "GER"]
[SourceTitle "CBM 124 Extra"]
[Source "ChessBase"]
[SourceDate "2008.07.03"]
[SourceVersion "1"]
[SourceVersionDate "2008.07.03"]
[SourceQuality "1"]

1. e4 c5 2. Nf3 d6 3. Bb5+ Nc6 4. c3 Nf6 5. Qe2 Bg4 6. h3 Bxf3 7. Qxf3 a6 8. Bxc6+ bxc6 9. e5 Nd5 10. c4 Nb4 11. a3 Nc2+ 12. Kd1 Nxa1 13. Qxc6+ Qd7 14. Qxa8+ Qd8 15. Qxa6 g6 16. b3 Bg7 17. Bb2 0-0 18. Bxa1 dxe5 19. Re1 Qd3 20. Nc3 Rd8 21. Ne4 Qxb3+ 22. Kc1 Rb8 23. Nc3 e4 24. Qc6 Bxc3 25. dxc3 Qxa3+ 26. Kd2 Qa2+ 27. Ke3 Rd8 28. Qxe4 Qd2+ 29. Kf3 Rd3+ 30. Re3 Qd1+ 31. Kf4 Rxe3 32. Qxe3 Qxa1 33. Qxe7 Qxc3 34. Qe8+ Kg7 35. Qe5+ Qxe5+ 36. Kxe5 1-0

[Event "GER-ch Net qual3 U18"]
[Site "Playchess.com INT"]
[Date "2008.06.08"]
[Round "7"]
[White "Karunaharamoorthy, Achudhan"]
[Black "Wittenberg, Andreas"]
[Result "1/2-1/2"]
[WhiteElo "1877"]
[BlackElo "2002"]
[PlyCount "89"]
[EventDate "2008.06.08"]
[EventType "swiss (blitz)"]
[EventRounds "7"]
[EventCountry "GER"]
[SourceTitle "CBM 124 Extra"]
[Source "ChessBase"]
[SourceDate "2008.07.03"]
[SourceVersion "1"]
[SourceVersionDate "2008.07.03"]
[SourceQuality "1"]

1. d4 Nf6 2. c4 e6 3. Nc3 Bb4 4. e3 b6 5. Bd3 Bb7 6. Nge2 0-0 7. 0-0 d6 8. a3 Bxc3 9. Nxc3 e5 10. b4 a5 11. b5 exd4 12. exd4 h6 13. Bf4 Nbd7 14. Re1 Re8 15. Qd2 Rxe1+ 16. Rxe1 Qf8 17. a4 Re8 18. Rxe8 Qxe8 19. f3 Qe6 20. Bg3 Nh5 21. Bf2 Qf6 22. Ne4 Bxe4 23. fxe4 Nf4 24. Bc2 Qg5 25. Be3 Nh3+ 26. Kh1 Qf6 27. gxh3 Qf1+ 28. Bg1 Qxc4 29. Qd3 Qe6 30. Kg2 Qg6+ 31. Qg3 Qh5 32. Qg4 Nf6 33. Qc8+ Kh7 34. e5+ g6 35. exf6 Qe2+ 36. Bf2 Qxc2 37. Qe8 Qc4 38. Qc6 Qe6 39. Qxc7 Qxf6 40. Qxb6 Qg5+ 41. Bg3 Qd2+ 42. Kf3 Qd3+ 43. Kf2 Qd2+ 44. Kf3 Qd3+ 45. Kf2 1/2-1/2

[Event "GER-ch Net qual3 U18"]
[Site "Playchess.com INT"]
[Date "2008.06.08"]
[Round "2"]
[White "Rudolf, Sebastian"]
[Black "Karunaharamoorthy, Achudhan"]
[Result "1/2-1/2"]
[WhiteElo "2123"]
[BlackElo "1877"]
[PlyCount "117"]
[EventDate "2008.06.08"]
[EventType "swiss (blitz)"]
[EventRounds "7"]
[EventCountry "GER"]
[SourceTitle "CBM 124 Extra"]
[Source "ChessBase"]
[SourceDate "2008.07.03"]
[SourceVersion "1"]
[SourceVersionDate "2008.07.03"]
[SourceQuality "1"]

1. e4 c5 2. Nf3 d6 3. d4 cxd4 4. Nxd4 Nf6 5. Nc3 Nc6 6. Bg5 e6 7. Qd2 Be7 8. 0-0-0 0-0 9. f3 Nxd4 10. Qxd4 a6 11. h4 b5 12. g4 Bb7 13. h5 Qa5 14. a3 Rfc8 15. Be3 d5 16. g5 Bxa3 17. bxa3 Rxc3 18. gxf6 Rxa3 19. Kb1 dxe4 20. Rg1 g6 21. hxg6 hxg6 22. Bd2 Qa4 23. Bb4 Ra1+ 24. Qxa1 Qxb4+ 25. Qb2 Qc5 26. Bh3 Bd5 27. fxe4 Bxe4 28. Bg2 Bxg2 29. Rxg2 Qf5 30. Re1 b4 31. Rh2 b3 32. Rf1 Qxf1+ 33. Qc1 bxc2+ 34. Rxc2 Rb8+ 35. Ka2 Qxf6 36. Rc8+ Rxc8 37. Qxc8+ Kg7 38. Qxa6 Qf5 39. Qb6 g5 40. Qd4+ e5 41. Qd8 Qf6 42. Qd3 Qe6+ 43. Kb2 e4 44. Qg3 f6 45. Qe3 Kg6 46. Kc2 Qc4+ 47. Kb2 Qd3 48. Qa7 e3 49. Qe7 Qd2+ 50. Kb3 Qd5+ 51. Ka3 Qe5 52. Qf8 e2 53. Qg8+ Kf5 54. Qh7+ Kf4 55. Qh2+ Kf3 56. Qh3+ Ke4 57. Qg4+ Qf4 58. Qe6+ Qe5 59. Qc4+ 1/2-1/2

[Event "GER JU-S68 email"]
[Site "GER email"]
[Date "2008.05.14"]
[Round "?"]
[White "Figura, Atila Gajo"]
[Black "Karunaharamoorthy, Achudhan"]
[Result "1/2-1/2"]
[WhiteElo "2318"]
[BlackElo "2200"]
[PlyCount "82"]
[EventDate "2008.??.??"]
[EventType "tourn (corr)"]
[EventRounds "6"]
[EventCountry "GER"]
[SourceTitle "Corr 2011"]
[Source "ChessBase"]
[SourceDate "2010.08.31"]
[SourceVersion "1"]
[SourceVersionDate "2010.08.31"]
[SourceQuality "1"]

1. d4 d5 2. c4 e6 3. Nf3 Nf6 4. g3 dxc4 5. Bg2 Nc6 6. 0-0 Rb8 7. Nc3 b5 8. Ne5 Nxe5 9. dxe5 Nd7 10. Qd4 c5 11. Qf4 Be7 12. Qg4 Kf8 13. Qh5 h6 14. Rd1 g6 15. Qh3 Kg7 16. a4 b4 17. Nb5 Qa5 18. Nd6 Bxd6 19. exd6 Bb7 20. Bxb7 Rxb7 21. Qh4 Qa6 22. Be3 c3 23. bxc3 bxc3 24. Qe4 Rb2 25. Rac1 Qxe2 26. Re1 Qa6 27. Bxc5 Nxc5 28. Qd4+ Kh7 29. Rxc3 Nxa4 30. Rc4 Qb6 31. Qf6 Rf8 32. Rxa4 Rd2 33. Rxe6 Rd1+ 34. Kg2 Qc6+ 35. Ree4 Rxd6 36. Qf3 Rd7 37. h4 h5 38. Rec4 Qxf3+ 39. Kxf3 Kg7 40. Ra6 Rb8 41. Rc2 Rb3+ 1/2-1/2

[Event "GER JU-S68 email"]
[Site "GER email"]
[Date "2008.05.14"]
[Round "?"]
[White "Karunaharamoorthy, Achudhan"]
[Black "Fricke, Moritz"]
[Result "1-0"]
[WhiteElo "2200"]
[BlackElo "1813"]
[PlyCount "57"]
[EventDate "2008.??.??"]
[EventType "tourn (corr)"]
[EventRounds "6"]
[EventCountry "GER"]
[SourceTitle "Corr 2011"]
[Source "ChessBase"]
[SourceDate "2010.08.31"]
[SourceVersion "1"]
[SourceVersionDate "2010.08.31"]
[SourceQuality "1"]

1. e4 e5 2. Nf3 Nf6 3. Nxe5 d6 4. Nf3 Nxe4 5. Nc3 Nxc3 6. dxc3 Be7 7. Bf4 0-0 8. Qd2 Nc6 9. 0-0-0 Be6 10. Kb1 a5 11. h4 a4 12. Bd3 a3 13. b3 Bf6 14. Ng5 Qe7 15. Bxh7+ Kh8 16. Be4 Be5 17. Bxe5 dxe5 18. Qe2 g6 19. Bxc6 bxc6 20. Qxe5+ f6 21. Qxe6 Qxe6 22. Nxe6 Rfc8 23. Rd7 Ra7 24. Nf4 Rg8 25. h5 g5 26. Ng6+ Rxg6 27. hxg6+ Kg8 28. g7 Ra4 29. Rh8# 1-0

[Event "GER JU-S68 email"]
[Site "GER email"]
[Date "2008.05.14"]
[Round "?"]
[White "Karunaharamoorthy, Achudhan"]
[Black "Hansch, Karsten"]
[Result "1/2-1/2"]
[WhiteElo "2200"]
[BlackElo "2118"]
[PlyCount "68"]
[EventDate "2008.??.??"]
[EventType "tourn (corr)"]
[EventRounds "6"]
[EventCountry "GER"]
[SourceTitle "Corr 2011"]
[Source "ChessBase"]
[SourceDate "2010.08.31"]
[SourceVersion "1"]
[SourceVersionDate "2010.08.31"]
[SourceQuality "1"]

1. e4 c5 2. Nf3 d6 3. d4 cxd4 4. Nxd4 Nf6 5. Nc3 a6 6. Bg5 e6 7. f4 Be7 8. Qf3 Qc7 9. 0-0-0 Nbd7 10. g4 b5 11. Bxf6 Bxf6 12. Bxb5 Rb8 13. Bxd7+ Bxd7 14. g5 Bxd4 15. Rxd4 Qb6 16. Qd3 Qxb2+ 17. Kd2 Bb5 18. Qe3 0-0 19. Rb1 Qa3 20. Nxb5 Qa5+ 21. Qc3 Rxb5 22. Qxa5 Rxa5 23. Rxd6 Rxa2 24. Rb7 a5 25. Rdd7 a4 26. Ra7 Ra1 27. c4 a3 28. Rd3 a2 29. Rda3 Rd8+ 30. Ke3 g6 31. Rxa2 Re1+ 32. Re2 Rc1 33. Rc7 Rc3+ 34. Kf2 Rd4 1/2-1/2

[Event "GER JU-S67 email"]
[Site "GER email"]
[Date "2008.05.12"]
[Round "?"]
[White "Hansch, Stephan"]
[Black "Karunaharamoorthy, Achudhan"]
[Result "1/2-1/2"]
[WhiteElo "2085"]
[BlackElo "2200"]
[PlyCount "87"]
[EventDate "2008.??.??"]
[EventType "tourn (corr)"]
[EventRounds "6"]
[EventCountry "GER"]
[SourceTitle "Corr 2011"]
[Source "ChessBase"]
[SourceDate "2010.08.31"]
[SourceVersion "1"]
[SourceVersionDate "2010.08.31"]
[SourceQuality "1"]

1. d4 d5 2. c4 e6 3. Nc3 Nf6 4. Bg5 Nbd7 5. e3 c6 6. cxd5 exd5 7. Bd3 Be7 8. Qc2 0-0 9. Nf3 Re8 10. 0-0 Nf8 11. h3 Be6 12. Rae1 N6d7 13. Bxe7 Qxe7 14. Ne2 Ng6 15. Rc1 Nf6 16. Ng3 a5 17. Rfd1 a4 18. a3 Rec8 19. Re1 Re8 20. Red1 Rec8 21. Ne2 b6 22. Nc3 c5 23. dxc5 Rxc5 24. Qd2 Qd7 25. Qe2 Qc8 26. Nd4 Ne5 27. Bb1 Nc4 28. Na2 Bd7 29. Bd3 Ne5 30. Bc2 h6 31. Bb1 Qf8 32. Nf5 Nc4 33. Bd3 Ne5 34. Nd4 Nxd3 35. Qxd3 Ne4 36. Nc3 Rac8 37. Nde2 Qe8 38. Qa6 Nxc3 39. Nxc3 Qe6 40. Qf1 Rc4 41. Rd3 R8c5 42. Rcd1 Bb5 43. Qe1 Bc6 44. Qd2 1/2-1/2

[Event "GER JU-S67 email"]
[Site "GER email"]
[Date "2008.05.12"]
[Round "?"]
[White "Karunaharamoorthy, Achudhan"]
[Black "Hansch, Karsten"]
[Result "1/2-1/2"]
[WhiteElo "2200"]
[BlackElo "2118"]
[PlyCount "102"]
[EventDate "2008.??.??"]
[EventType "tourn (corr)"]
[EventRounds "6"]
[EventCountry "GER"]
[SourceTitle "Corr 2011"]
[Source "ChessBase"]
[SourceDate "2010.08.31"]
[SourceVersion "1"]
[SourceVersionDate "2010.08.31"]
[SourceQuality "1"]

1. e4 c5 2. Nf3 d6 3. d4 cxd4 4. Nxd4 Nf6 5. Nc3 a6 6. Bc4 e6 7. Bb3 b5 8. Bg5 Be7 9. Qf3 Qc7 10. e5 Bb7 11. exd6 Bxd6 12. Qe3 0-0 13. 0-0-0 Be7 14. Bxe6 fxe6 15. Nxe6 Qc6 16. Nxf8 Bxf8 17. Bxf6 Qxf6 18. Nd5 Bxd5 19. Rxd5 Nc6 20. Rhd1 Nb4 21. R5d4 Nxa2+ 22. Kb1 Nb4 23. Qb3+ Qf7 24. Qxf7+ Kxf7 25. Rd8 Rxd8 26. Rxd8 Be7 27. Ra8 Ke6 28. g3 Kd5 29. f4 Kc4 30. c3 Nd5 31. Rxa6 b4 32. Rc6+ Kd3 33. cxb4 Nxb4 34. Rc3+ Kd4 35. Rc8 Bf6 36. Rb8 Kc4 37. Rh8 h6 38. Rc8+ Kd3 39. Rc5 Ke3 40. Rb5 Nd3 41. b3 Kf3 42. b4 Kg2 43. Kc2 Nxb4+ 44. Rxb4 Kxh2 45. Rb3 Kh3 46. Kd2 h5 47. Rf3 Kg4 48. Ke2 h4 49. gxh4 Bxh4 50. Ke3 Kf5 51. Rf1 g5 1/2-1/2

[Event "GER JU-S67 email"]
[Site "GER email"]
[Date "2008.05.12"]
[Round "?"]
[White "Karunaharamoorthy, Achudhan"]
[Black "Kunz, Andre"]
[Result "0-1"]
[WhiteElo "2200"]
[BlackElo "2182"]
[PlyCount "44"]
[EventDate "2008.??.??"]
[EventType "tourn (corr)"]
[EventRounds "6"]
[EventCountry "GER"]
[SourceTitle "Corr 2011"]
[Source "ChessBase"]
[SourceDate "2010.08.31"]
[SourceVersion "1"]
[SourceVersionDate "2010.08.31"]
[SourceQuality "1"]

1. e4 c5 2. Nf3 d6 3. d4 cxd4 4. Nxd4 Nf6 5. Nc3 a6 6. Be2 e5 7. Nb3 Be7 8. 0-0 Be6 9. f4 Qc7 10. Kh1 Nbd7 11. a4 0-0 12. Be3 exf4 13. Rxf4 Ne5 14. Nd4 Rfe8 15. Kg1 Rac8 16. Rf1 Nc4 17. Bxc4 Bxc4 18. Rf3 d5 19. e5 Ng4 20. Bf4 Nxe5 21. b3 Nxf3+ 22. Qxf3 Qc5 0-1

[Event "GER JU-S67 email"]
[Site "GER email"]
[Date "2008.05.12"]
[Round "?"]
[White "Karunaharamoorthy, Achudhan"]
[Black "Werner, Philipp"]
[Result "1-0"]
[WhiteElo "2200"]
[BlackElo "1854"]
[PlyCount "41"]
[EventDate "2008.??.??"]
[EventType "tourn (corr)"]
[EventRounds "6"]
[EventCountry "GER"]
[SourceTitle "Corr 2011"]
[Source "ChessBase"]
[SourceDate "2010.08.31"]
[SourceVersion "1"]
[SourceVersionDate "2010.08.31"]
[SourceQuality "1"]

1. e4 d6 2. d4 Nf6 3. Nc3 g6 4. Bg5 c6 5. Qd2 Bg7 6. f4 0-0 7. Nf3 b5 8. Bd3 Bg4 9. 0-0 Nbd7 10. e5 Bxf3 11. Rxf3 Ne8 12. a4 b4 13. Ne2 c5 14. Rd1 cxd4 15. Qxb4 a5 16. Qa3 Rc8 17. Rff1 h6 18. Bh4 dxe5 19. Bxe7 Qb6 20. fxe5 Nxe5 21. Nf4 1-0

[Event "GER JU-S67 email"]
[Site "GER email"]
[Date "2008.05.12"]
[Round "?"]
[White "Kunz, Andre"]
[Black "Karunaharamoorthy, Achudhan"]
[Result "1/2-1/2"]
[WhiteElo "2182"]
[BlackElo "2200"]
[PlyCount "67"]
[EventDate "2008.??.??"]
[EventType "tourn (corr)"]
[EventRounds "6"]
[EventCountry "GER"]
[SourceTitle "Corr 2011"]
[Source "ChessBase"]
[SourceDate "2010.08.31"]
[SourceVersion "1"]
[SourceVersionDate "2010.08.31"]
[SourceQuality "1"]

1. e4 e5 2. Nf3 Nc6 3. Bb5 a6 4. Ba4 Nf6 5. 0-0 Be7 6. Re1 b5 7. Bb3 0-0 8. c3 d6 9. h3 Bb7 10. d4 Re8 11. Nbd2 Bf8 12. d5 Nb8 13. Nf1 Nbd7 14. N3h2 h6 15. Ng4 Nxg4 16. Qxg4 Nf6 17. Qf3 c6 18. dxc6 Bxc6 19. Nh2 a5 20. a3 d5 21. Ng4 dxe4 22. Qf5 h5 23. Nxf6+ Qxf6 24. Qxh5 g6 25. Qg4 Qf5 26. Bc2 Bc5 27. Be3 Be7 28. Bb6 Ra6 29. Bc7 Qxg4 30. hxg4 f6 31. Rad1 Ra7 32. Bb6 Ra6 33. Be3 Kf7 34. Bb3+ 1/2-1/2

[Event "GER JU-S66 email"]
[Site "GER email"]
[Date "2008.04.18"]
[Round "?"]
[White "Hansch, Stephan"]
[Black "Karunaharamoorthy, Achudhan"]
[Result "1/2-1/2"]
[WhiteElo "2085"]
[BlackElo "2200"]
[PlyCount "73"]
[EventDate "2008.??.??"]
[EventType "tourn (corr)"]
[EventRounds "6"]
[EventCountry "GER"]
[SourceTitle "Corr 2011"]
[Source "ChessBase"]
[SourceDate "2010.08.31"]
[SourceVersion "1"]
[SourceVersionDate "2010.08.31"]
[SourceQuality "1"]

1. d4 d5 2. Nf3 Nf6 3. e3 e6 4. Bd3 c5 5. b3 Nc6 6. Bb2 Bd6 7. Nbd2 Qe7 8. 0-0 0-0 9. Ne5 cxd4 10. exd4 Qc7 11. Nxc6 bxc6 12. Nf3 a5 13. c4 Ba6 14. Re1 Rfb8 15. c5 Be7 16. Bc2 a4 17. Ne5 Ra7 18. Qf3 axb3 19. axb3 Bb5 20. Rxa7 Qxa7 21. Bc3 Qb7 22. Ra1 Ra8 23. Ba5 Bd8 24. b4 Bc7 25. Ra3 Bxe5 26. dxe5 Ne8 27. h4 Qe7 28. Qf4 g6 29. h5 Ng7 30. hxg6 fxg6 31. g4 Rf8 32. Qh6 Qf7 33. f3 d4 34. Be4 d3 35. Kh2 Qd7 36. Qd2 h5 37. Qg5 1/2-1/2

[Event "GER JU-S66 email"]
[Site "GER email"]
[Date "2008.04.18"]
[Round "?"]
[White "Karunaharamoorthy, Achudhan"]
[Black "Finsel, Manuel"]
[Result "1-0"]
[WhiteElo "2200"]
[BlackElo "1771"]
[PlyCount "45"]
[EventDate "2008.??.??"]
[EventType "tourn (corr)"]
[EventRounds "6"]
[EventCountry "GER"]
[SourceTitle "Corr 2011"]
[Source "ChessBase"]
[SourceDate "2010.08.31"]
[SourceVersion "1"]
[SourceVersionDate "2010.08.31"]
[SourceQuality "1"]

1. e4 e5 2. Nf3 Nc6 3. Bb5 Bc5 4. c3 d6 5. d4 exd4 6. cxd4 Bb4+ 7. Kf1 Bg4 8. Qa4 a5 9. Bxc6+ bxc6 10. a3 Bxf3 11. gxf3 Ne7 12. axb4 0-0 13. bxa5 Qc8 14. Nc3 Qh3+ 15. Ke2 Ng6 16. Qxc6 Nh4 17. Be3 Qxf3+ 18. Kd3 Ng6 19. Rhg1 Nf4+ 20. Kd2 Nh3 21. Rg3 Qh5 22. Qd7 f5 23. Qxg7# 1-0

[Event "GER JU-S66 email"]
[Site "GER email"]
[Date "2008.04.18"]
[Round "?"]
[White "Karunaharamoorthy, Achudhan"]
[Black "Fricke, Moritz"]
[Result "1-0"]
[WhiteElo "2200"]
[BlackElo "1813"]
[PlyCount "55"]
[EventDate "2008.??.??"]
[EventType "tourn (corr)"]
[EventRounds "6"]
[EventCountry "GER"]
[SourceTitle "Corr 2011"]
[Source "ChessBase"]
[SourceDate "2010.08.31"]
[SourceVersion "1"]
[SourceVersionDate "2010.08.31"]
[SourceQuality "1"]

1. e4 e5 2. Nf3 Nc6 3. Bb5 Nf6 4. 0-0 a6 5. Bxc6 dxc6 6. Nxe5 Bd6 7. Nf3 Be7 8. d3 0-0 9. h3 h6 10. Nbd2 Re8 11. Nc4 Be6 12. Ne3 Bc5 13. d4 Bb6 14. Qd3 Qe7 15. Re1 Rad8 16. Bd2 Qd7 17. Bc3 Qe7 18. Rad1 c5 19. d5 Bd7 20. e5 Bb5 21. exf6 Qd6 22. Qd2 gxf6 23. Ng4 Rxe1+ 24. Rxe1 f5 25. Nxh6+ Kf8 26. Qg5 Qg6 27. Qxd8+ Be8 28. Qe7# 1-0

[Event "Berlin-ch U18 final"]
[Site "Berlin"]
[Date "2008.01.11"]
[Round "6.3"]
[White "Koch, Friedrich"]
[Black "Karunaharamoorthy, Achudhan"]
[Result "1/2-1/2"]
[WhiteElo "2067"]
[BlackElo "1877"]
[PlyCount "61"]
[EventDate "2008.01.06"]
[EventType "swiss"]
[EventRounds "7"]
[EventCountry "GER"]
[SourceTitle "EXT 2022"]
[Source "ChessBase"]
[SourceDate "2021.10.06"]
[SourceVersion "1"]
[SourceVersionDate "2021.10.06"]
[SourceQuality "1"]

1. e4 c5 2. Nf3 d6 3. d4 cxd4 4. Nxd4 Nf6 5. Nc3 Nc6 6. Bg5 g6 7. Qd2 Bg7 8. Nb3 Be6 9. 0-0-0 a6 10. Bh6 0-0 11. Bxg7 Kxg7 12. f4 b5 13. Bd3 Qb6 14. f5 Bc4 15. Qf4 a5 16. Kb1 a4 17. Nc1 Ne5 18. N3e2 b4 19. g4 b3 20. cxb3 axb3 21. a3 Qa6 22. Qg3 Rfb8 23. g5 Nfd7 24. Nd4 Nc5 25. Bxc4 Qxc4 26. Rhe1 Rb7 27. Re3 Rab8 28. Rc3 Nxe4 29. Qxe5+ dxe5 30. Rxc4 exd4 31. f6+ 1/2-1/2